Wszystkie większe lokacje w Dead Redemption II - Statystyki

Ogólne statystyki
  • Ten quiz został rozwiązany 109 razy
  • Średni wynik to 21 z 63
Statystyki odpowiedzi
Jednostka Nazwa % Poprawnych
Stan Lemoyne
82%
Miasteczko Saint Denis
78%
Stacje kolejowe Saint Denis
78%
Miasteczko Valentine
78%
Stacje kolejowe Valentine
78%
Stan New Austin
75%
Miasteczko Annesburg
68%
Stacje kolejowe Annesburg
68%
Miasteczko Blackwater
68%
Stan New Hannover
68%
Ranczo Emerald
66%
Stacje kolejowe Emerald
66%
Miasteczko Rhodes
66%
Stacje kolejowe Rhodes
66%
Stan West Elizabeth
65%
Miasteczko Strawberry
62%
Stan (poza USA) Guarma
59%
Stan Ambarino
56%
Miasteczko Armadillo
56%
Stacje kolejowe Armadillo
56%
Miasteczko Van Horn
56%
Stacje kolejowe Van Horn
56%
Miasteczko Tumbleweed
47%
Stacje kolejowe Tumbleweed
47%
Fort Wallace
38%
Stacje kolejowe Wallace
38%
Miasteczko (opuszczone) Colter
34%
Miasteczko Lagras
29%
Stacje kolejowe Riggs
25%
Ranczo Lakay
22%
Hrabstwo The Heartlands
22%
Ranczo Beecher's Hope
21%
Hrabstwo Big Valley
21%
Fort Mercer
19%
Stacje kolejowe Mercer
19%
Hrabstwo Bayou Nwa
18%
Ranczo Pronghorn
18%
Hrabstwo Tall Trees
16%
Ranczo Caliga Hall
15%
Hrabstwo Great Plains
15%
Ranczo MacFarlane
15%
Miasteczko Wapiti
15%
Hrabstwo Rio Bravo
12%
Hrabstwo Scarlett Meadows
12%
Miasteczko Butcher Creek
10%
Hrabstwo Grizzlies West
10%
Ranczo Manzanita Post
10%
Hrabstwo Roanoke Ridge
10%
Ranczo Sisika
10%
Hrabstwo Cumberland Forest
9%
Miasteczko (opuszczone) Limpany
9%
Hrabstwo Bluewater Marsh
7%
Ranczo Braithwaite Manor
7%
Stacje kolejowe Benedict
6%
Hrabstwo Cholla Springs
6%
Fort (opuszczone) Brennand
4%
Rancho Hanging Dog
4%
Miasteczko (opuszczone) Pleasance
4%
Fort (poza USA) Cinco Torres
3%
Hrabstwo Gaptooth Ridge
1%
Ranczo Cornwall Kerosene & Tar
0%
Hrabstwo Grizzliest East
0%
Hrabstwo Hennigan's Stead
0%
Nie znaleziono quizów pasujących do podanych kryteriów
Rozkład punktacji
Procent ludzi z każdym wynikiem
Percentyl według liczby udzielonych odpowiedzi
Twoja historia wyników
Nie rozwiązałeś tego quizu